000 00203nam a22000977a 4500
999 _c12855
_d12855
020 _a978-969-9640-41-4
082 _a324.22
100 _aSaadia Zaheer
245 _aJinnah Se Baba-e-Qaum Tak
942 _cBK